<?xml version="1.0" encoding="UTF-8"?>
<record
    xmlns:xsi="http://www.w3.org/2001/XMLSchema-instance"
    xsi:schemaLocation="http://www.loc.gov/MARC21/slim http://www.loc.gov/standards/marcxml/schema/MARC21slim.xsd"
    xmlns="http://www.loc.gov/MARC21/slim">

  <leader>00891nam a22001337a 4500</leader>
  <datafield tag="040" ind1=" " ind2=" ">
    <subfield code="c">RUA</subfield>
  </datafield>
  <datafield tag="082" ind1=" " ind2=" ">
    <subfield code="a">AED TOC 2017 B657 Or.</subfield>
  </datafield>
  <datafield tag="100" ind1=" " ind2=" ">
    <subfield code="a">TOUCH KIM SRENG &#x1791;&#x17BC;&#x1785; &#x1782;&#x17B9;&#x1798;&#x179F;&#x17D2;&#x179A;&#x17C1;&#x1784;&#x200B; </subfield>
  </datafield>
  <datafield tag="245" ind1=" " ind2=" ">
    <subfield code="a">the study on economic efficiency of pig farm's cp group in kampongtek commune, domnakchongoer district, kampot province &#x1780;&#x17B6;&#x179A;&#x179F;&#x17B7;&#x1780;&#x17D2;&#x179F;&#x17B6;&#x179A;&#x17A2;&#x17C6;&#x1796;&#x17B8;&#x1794;&#x17D2;&#x179A;&#x179F;&#x17B7;&#x1791;&#x17D2;&#x1792;&#x1797;&#x17B6;&#x1796;&#x179F;&#x17C1;&#x178A;&#x17D2;&#x178B;&#x1780;&#x17B7;&#x1785;&#x17D2;&#x1785;&#x1780;&#x179F;&#x17B7;&#x178A;&#x17D2;&#x178B;&#x17B6;&#x1793;&#x1793;&#x17C3;&#x1780;&#x179F;&#x17B7;&#x178A;&#x17D2;&#x178B;&#x17B6;&#x1793;&#x1785;&#x17B7;&#x1789;&#x17D2;&#x1785;&#x17B9;&#x1798;&#x1787;&#x17D2;&#x179A;&#x17BC;&#x1780;&#x179A;&#x1794;&#x179F;&#x17CB;&#x1780;&#x17D2;&#x179A;&#x17BB;&#x1798;&#x17A0;&#x17CA;&#x17BB;&#x1793;&#x200B;CP Group &#x1793;&#x17C5;&#x1783;&#x17BB;&#x17C6;&#x1780;&#x17C6;&#x1796;&#x17BB;&#x1784;&#x1780;&#x17C6;&#x1796;&#x1784;&#x17CB;&#x1791;&#x17B9;&#x1780; &#x179F;&#x17D2;&#x179A;&#x17BB;&#x1780;&#x178A;&#x17C6;&#x178E;&#x17B6;&#x1780;&#x1785;&#x1784;&#x17D2;&#x17A2;&#x17BE;&#x179A; &#x1781;&#x17C1;&#x178F;&#x17D2;&#x178F;&#x1780;&#x17C6;&#x1796;&#x178F;</subfield>
  </datafield>
  <datafield tag="260" ind1=" " ind2=" ">
    <subfield code="a">RUA </subfield>
    <subfield code="b">Phnom penh</subfield>
    <subfield code="c">2016</subfield>
  </datafield>
  <datafield tag="300" ind1=" " ind2=" ">
    <subfield code="a">ix;42p</subfield>
    <subfield code="b">ill;</subfield>
    <subfield code="c">29cm</subfield>
  </datafield>
  <datafield tag="856" ind1=" " ind2=" ">
    <subfield code="u">https://drive.google.com/file/d/1bIupGHYlTreQaD_Q41MpRk17el0bVP7d/view?usp=sharing</subfield>
  </datafield>
  <datafield tag="942" ind1=" " ind2=" ">
    <subfield code="c">AED</subfield>
  </datafield>
  <datafield tag="999" ind1=" " ind2=" ">
    <subfield code="c">18841</subfield>
    <subfield code="d">18841</subfield>
  </datafield>
  <datafield tag="952" ind1=" " ind2=" ">
    <subfield code="0">0</subfield>
    <subfield code="1">0</subfield>
    <subfield code="2">ddc</subfield>
    <subfield code="4">0</subfield>
    <subfield code="6">AED_TOC_2017_000000000000000_B6_157_OR</subfield>
    <subfield code="7">0</subfield>
    <subfield code="9">83436</subfield>
    <subfield code="a">LBB</subfield>
    <subfield code="b">LBB</subfield>
    <subfield code="c">B657</subfield>
    <subfield code="d">2020-01-28</subfield>
    <subfield code="l">1</subfield>
    <subfield code="o">AED TOC 2017 B6.157 Or</subfield>
    <subfield code="p">A44091</subfield>
    <subfield code="r">2023-10-18</subfield>
    <subfield code="s">2023-09-20</subfield>
    <subfield code="w">2020-01-28</subfield>
    <subfield code="y">AED</subfield>
  </datafield>
  <datafield tag="952" ind1=" " ind2=" ">
    <subfield code="0">0</subfield>
    <subfield code="1">0</subfield>
    <subfield code="2">ddc</subfield>
    <subfield code="4">0</subfield>
    <subfield code="6">AED_TOC_2017_000000000000000_B657_OR_2</subfield>
    <subfield code="7">0</subfield>
    <subfield code="9">83437</subfield>
    <subfield code="a">LBB</subfield>
    <subfield code="b">LBB</subfield>
    <subfield code="c">B657</subfield>
    <subfield code="d">2020-01-28</subfield>
    <subfield code="l">2</subfield>
    <subfield code="o">AED TOC 2017 B657 Or.2</subfield>
    <subfield code="p">A42476</subfield>
    <subfield code="r">2022-01-10</subfield>
    <subfield code="s">2022-01-03</subfield>
    <subfield code="w">2020-01-28</subfield>
    <subfield code="y">AED</subfield>
  </datafield>
  <datafield tag="952" ind1=" " ind2=" ">
    <subfield code="0">0</subfield>
    <subfield code="1">0</subfield>
    <subfield code="2">ddc</subfield>
    <subfield code="4">0</subfield>
    <subfield code="6">AED_TOC_2017_000000000000000_B657_OR_3</subfield>
    <subfield code="7">0</subfield>
    <subfield code="9">83438</subfield>
    <subfield code="a">LBB</subfield>
    <subfield code="b">LBB</subfield>
    <subfield code="c">B657</subfield>
    <subfield code="d">2020-01-28</subfield>
    <subfield code="o">AED TOC 2017 B657 Or.3</subfield>
    <subfield code="p">A43946</subfield>
    <subfield code="r">2020-01-28</subfield>
    <subfield code="w">2020-01-28</subfield>
    <subfield code="y">AED</subfield>
  </datafield>
  <datafield tag="952" ind1=" " ind2=" ">
    <subfield code="0">0</subfield>
    <subfield code="1">0</subfield>
    <subfield code="2">ddc</subfield>
    <subfield code="4">0</subfield>
    <subfield code="6">AED_TOC_2017_000000000000000_B657_OR_4</subfield>
    <subfield code="7">0</subfield>
    <subfield code="9">83439</subfield>
    <subfield code="a">LBB</subfield>
    <subfield code="b">LBB</subfield>
    <subfield code="c">B657</subfield>
    <subfield code="d">2020-01-28</subfield>
    <subfield code="o">AED TOC 2017 B657 Or.4</subfield>
    <subfield code="p">A43941</subfield>
    <subfield code="r">2020-01-28</subfield>
    <subfield code="w">2020-01-28</subfield>
    <subfield code="y">AED</subfield>
  </datafield>
  <datafield tag="952" ind1=" " ind2=" ">
    <subfield code="0">0</subfield>
    <subfield code="1">0</subfield>
    <subfield code="2">ddc</subfield>
    <subfield code="4">0</subfield>
    <subfield code="6">AED_TOC_2017_000000000000000_B657_OR_5</subfield>
    <subfield code="7">0</subfield>
    <subfield code="9">83440</subfield>
    <subfield code="a">LBB</subfield>
    <subfield code="b">LBB</subfield>
    <subfield code="c">B657</subfield>
    <subfield code="d">2020-01-28</subfield>
    <subfield code="o">AED TOC 2017 B657 Or.5</subfield>
    <subfield code="p">A44016</subfield>
    <subfield code="r">2020-01-28</subfield>
    <subfield code="w">2020-01-28</subfield>
    <subfield code="y">AED</subfield>
  </datafield>
  <datafield tag="952" ind1=" " ind2=" ">
    <subfield code="0">0</subfield>
    <subfield code="1">0</subfield>
    <subfield code="2">ddc</subfield>
    <subfield code="4">0</subfield>
    <subfield code="6">AED_TOC_2017_000000000000000_B657_OR_1</subfield>
    <subfield code="7">0</subfield>
    <subfield code="9">83441</subfield>
    <subfield code="a">LBB</subfield>
    <subfield code="b">LBB</subfield>
    <subfield code="c">B657</subfield>
    <subfield code="d">2020-01-28</subfield>
    <subfield code="o">AED TOC 2017 B657 Or.1</subfield>
    <subfield code="p">a43791</subfield>
    <subfield code="r">2020-01-28</subfield>
    <subfield code="w">2020-01-28</subfield>
    <subfield code="y">AED</subfield>
  </datafield>
</record>
